000 00298nam a22001337a 4500
008 180111b xxu||||| |||| 00| 0 eng d
020 _a9780754800019
041 _aeng
080 _a574
100 _a9
101 _aMJE
245 _aThe Complete Guide to Gardening
_cMcHoy, P
942 _2udc
_cBK
999 _c40106
_d40106